Impacto de la introducción de Pinus radiata D.Don sobre la materia orgánica y el pH de los suelos del área de Ventania /

Guardado en:
Autor Principal: Villalba, Verónica.
Autor Corporativo: Universidad Nacional del Sur. Departamento de Agronomía.
Otros Autores: Amiotti, Nilda Mabel, (tutor.)
Formato: Libro
Idioma:Spanish
Publicado: Bahía Blanca, 2008.
Etiquetas: Agregar Etiqueta
Sin Etiquetas, Sea el primero en etiquetar este registro!
LEADER 00755nam a22001695a 4500
001 EEA.libagro008049
005 20161123103655.0
008 130809s2008####ag#a##########000#0#spa#d
082 0 4 |a 631.4 
100 1 |a Villalba, Verónica. 
245 1 0 |a Impacto de la introducción de Pinus radiata D.Don sobre la materia orgánica y el pH de los suelos del área de Ventania /  |c Verónica Villalba. 
260 |a Bahía Blanca,  |c 2008. 
300 |a 50 h. :  |b il. ;  |c 30 cm. 
500 |a Trabajo de intensificación (Ingeniero Agrónomo) -- Universidad Nacional del Sur. Departamento de Agronomía, 2008. 
700 1 |a Amiotti, Nilda Mabel,  |e tutor. 
710 2 |a Universidad Nacional del Sur.  |b Departamento de Agronomía. 
859 |a AR-BbBCA  |b BIB. AGRONOMIA  |h 631.4  |i V714  |p 2008/5438